00863 a2200181 45000010006000000050017000060080041000230030015000640400040000790800159001192450029002782640080003073000025003875050220004120410008006321000019006407000022006596335820260407155931.0260407a1945 arg spa dAR-UNSa-BCEJYS aAR-UNSa-BCEJYSbspacAR-UNSa-BCEJYS a517.9xEcuaciones diferenciales. Ecuaciones integrales. Otras ecuaciones funcionales. Diferencias finitas. Cálculo de variaciones. Análisis funcional 10aEcuaciones diferenciales 1aMéxico :bUnión Tipográfica Editorial Hispano-Americana (UTEHA)c1945 aviii, 175 p.c19 cm. a1. Ecuaciones diferenciales de primer orden con variables separables - 2. Otras ecuaciones de primer grado - 3. Tipos especiales de ecuaciones de segundo grado - 4. Ecuaciones lineales con coeficientes constantes -  aspa1 aPhillips, H.B.1 aOrtiz R., Teodoro